Unemployment and the Structure of Labor Markets

Salvato in:
Dettagli Bibliografici
Altri autori: Lang, Kevin, Leonard, Jonathan S.
Natura: Libro
Lingua:inglese
Pubblicazione: New York Basil Blackwell 1987
Edizione:1. ed.
Soggetti:
Tags: Aggiungi Tag
Nessun Tag, puoi essere il primo ad aggiungerne!!

MARC

LEADER 00000nam a2200000 4500
001 c019686
005 20221221074804.3
020 |a 0-631-15378-0 
041 0 |a eng 
044 |a US 
245 1 0 |a Unemployment and the Structure of Labor Markets  |c Edit. Kevin Lang, Jonathan S. Leonard 
250 |a 1. ed. 
264 1 |a New York  |b Basil Blackwell  |c 1987 
300 |a 253 s. 
610 2 0 |a trh práce 
610 2 0 |a ponuka práce 
610 2 0 |a nezamestnanosť 
610 2 0 |a štruktúra síl pracovných 
700 1 |a Lang, Kevin 
700 1 |a Leonard, Jonathan S.